书目信息 |
| 题名: |
孩子的品格
|
|
| 作者: | 彭凯平 , 闫伟 著 | |
| 分册: | ||
| 出版信息: | 北京 中信出版集团 2021.08 |
|
| 页数: | 317页 | |
| 开本: | 20cm | |
| 丛书名: | ||
| 单 册: | ||
| 中图分类: | G782 | |
| 科图分类: | ||
| 主题词: | 教育--类型 | |
| 电子资源: | ||
| ISBN: | 978-7-5217-3125-5 | |
| 000 | 00647nam0 2200205 45 | |
| 001 | 2153556853 | |
| 005 | 20211220145411.38 | |
| 010 | @a978-7-5217-3125-5@dRMB 59.00 | |
| 100 | @a20211220d2021 km y0chiy0120 ea | |
| 101 | 0 | @achi |
| 200 | 1 | @a孩子的品格@Ahai zi de pin ge@e写给父母的积极心理学@f彭凯平, 闫伟 著@Fpeng kai ping,yan wei zhu |
| 210 | @a北京@c中信出版集团@d2021.08 | |
| 215 | @a317页@d20cm | |
| 517 | @a写给父母的积极心理学@Axie gei fu mu de ji ji xin li xue | |
| 606 | 0 | @a教育@x类型 |
| 690 | @aG782@v4 | |
| 701 | 0 | @a彭凯平@Apeng kai ping@4著 |
| 701 | 0 | @a闫伟@Ayan wei@4著 |
| 801 | 0 | @aCN@bPFT@c20211220 |
| 905 | @a10447@dG782@eP504 | |
| 孩子的品格:写给父母的积极心理学/彭凯平, 闫伟 著.-北京:中信出版集团,2021.08 |
| 317页;20cm |
| ISBN 978-7-5217-3125-5:RMB 59.00 |
| ● |
| 相关链接 |
|
|
|
正题名:孩子的品格
索取号:G782/P504
 
预约/预借
| 序号 | 登录号 | 条形码 | 馆藏地/架位号 | 状态 | 备注 |
| 1 | 1503161 | 215031613 | 大学生心理健康教育指导中心资料室/ [索取号:G782/P504] | 在馆 |